|
|
|
|
| LEADER |
03779nam a2200625 4500 |
| 001 |
978-3-540-45781-7 |
| 003 |
DE-He213 |
| 005 |
20191022053212.0 |
| 007 |
cr nn 008mamaa |
| 008 |
121227s2002 gw | s |||| 0|eng d |
| 020 |
|
|
|a 9783540457817
|9 978-3-540-45781-7
|
| 024 |
7 |
|
|a 10.1007/b84212
|2 doi
|
| 040 |
|
|
|d GrThAP
|
| 050 |
|
4 |
|a QA299.6-433
|
| 072 |
|
7 |
|a PBK
|2 bicssc
|
| 072 |
|
7 |
|a MAT034000
|2 bisacsh
|
| 072 |
|
7 |
|a PBK
|2 thema
|
| 082 |
0 |
4 |
|a 515
|2 23
|
| 100 |
1 |
|
|a Melenk, Jens M.
|e author.
|4 aut
|4 http://id.loc.gov/vocabulary/relators/aut
|
| 245 |
1 |
0 |
|a hp-Finite Element Methods for Singular Perturbations
|h [electronic resource] /
|c by Jens M. Melenk.
|
| 250 |
|
|
|a 1st ed. 2002.
|
| 264 |
|
1 |
|a Berlin, Heidelberg :
|b Springer Berlin Heidelberg :
|b Imprint: Springer,
|c 2002.
|
| 300 |
|
|
|a XIV, 326 p.
|b online resource.
|
| 336 |
|
|
|a text
|b txt
|2 rdacontent
|
| 337 |
|
|
|a computer
|b c
|2 rdamedia
|
| 338 |
|
|
|a online resource
|b cr
|2 rdacarrier
|
| 347 |
|
|
|a text file
|b PDF
|2 rda
|
| 490 |
1 |
|
|a Lecture Notes in Mathematics,
|x 0075-8434 ;
|v 1796
|
| 505 |
0 |
|
|a 1.Introduction -- Part I: Finite Element Approximation -- 2. hp-FEM for Reaction Diffusion Problems: Principal Results -- 3. hp Approximation -- Part II: Regularity in Countably Normed Spaces -- 4. The Countably Normed Spaces blb,e -- 5. Regularity Theory in Countably Normed Spaces -- Part III: Regularity in Terms of Asymptotic Expansions -- 6. Exponentially Weighted Countably Normed Spaces -- Appendix -- References -- Index.
|
| 520 |
|
|
|a Many partial differential equations arising in practice are parameter-dependent problems that are of singularly perturbed type. Prominent examples include plate and shell models for small thickness in solid mechanics, convection-diffusion problems in fluid mechanics, and equations arising in semi-conductor device modelling. Common features of these problems are layers and, in the case of non-smooth geometries, corner singularities. Mesh design principles for the efficient approximation of both features by the hp-version of the finite element method (hp-FEM) are proposed in this volume. For a class of singularly perturbed problems on polygonal domains, robust exponential convergence of the hp-FEM based on these mesh design principles is established rigorously.
|
| 650 |
|
0 |
|a Mathematical analysis.
|
| 650 |
|
0 |
|a Analysis (Mathematics).
|
| 650 |
|
0 |
|a Applied mathematics.
|
| 650 |
|
0 |
|a Engineering mathematics.
|
| 650 |
|
0 |
|a Mechanical engineering.
|
| 650 |
|
0 |
|a Numerical analysis.
|
| 650 |
|
0 |
|a Global analysis (Mathematics).
|
| 650 |
|
0 |
|a Manifolds (Mathematics).
|
| 650 |
|
0 |
|a Partial differential equations.
|
| 650 |
1 |
4 |
|a Analysis.
|0 http://scigraph.springernature.com/things/product-market-codes/M12007
|
| 650 |
2 |
4 |
|a Mathematical and Computational Engineering.
|0 http://scigraph.springernature.com/things/product-market-codes/T11006
|
| 650 |
2 |
4 |
|a Mechanical Engineering.
|0 http://scigraph.springernature.com/things/product-market-codes/T17004
|
| 650 |
2 |
4 |
|a Numerical Analysis.
|0 http://scigraph.springernature.com/things/product-market-codes/M14050
|
| 650 |
2 |
4 |
|a Global Analysis and Analysis on Manifolds.
|0 http://scigraph.springernature.com/things/product-market-codes/M12082
|
| 650 |
2 |
4 |
|a Partial Differential Equations.
|0 http://scigraph.springernature.com/things/product-market-codes/M12155
|
| 710 |
2 |
|
|a SpringerLink (Online service)
|
| 773 |
0 |
|
|t Springer eBooks
|
| 776 |
0 |
8 |
|i Printed edition:
|z 9783662175804
|
| 776 |
0 |
8 |
|i Printed edition:
|z 9783540442011
|
| 830 |
|
0 |
|a Lecture Notes in Mathematics,
|x 0075-8434 ;
|v 1796
|
| 856 |
4 |
0 |
|u https://doi.org/10.1007/b84212
|z Full Text via HEAL-Link
|
| 912 |
|
|
|a ZDB-2-SMA
|
| 912 |
|
|
|a ZDB-2-LNM
|
| 912 |
|
|
|a ZDB-2-BAE
|
| 950 |
|
|
|a Mathematics and Statistics (Springer-11649)
|